000 00598nam a2200181Ia 4500
003 IN-BaIIA
008 211028s9999 xx 000 0 eng d
040 _cIIA Library
080 _a61.22
_bIND
110 _aIndian Association for the Cultivation of Science
_920453
245 2 _aA century.
_cIndian Association for the Cultivation of Science
260 _aCalcutta
_bIndian Association for the Cultivation of ScienceĀ 
_c1976
300 _axv, 313p.
650 _aAdvancement of Science
_920454
650 _aCentury
_920455
650 _aCultivation of Science
_920456
942 _cBK
999 _c11789
_d11789